Statistics for Word Scramble - African Countries

Click here to take the quiz!

General Stats

  • This quiz has been taken 297 times
    (177 since last reset)
  • The average score is 15 of 16

Answer Stats

GibberishCountry% Correct
legraiaAlgeria
100%
olangaAngola
100%
bnienBenin
100%
roomencaCameroon
100%
peca derveCape Verde
100%
cadhChad
100%
morocosComoros
100%
jidtibouDjibouti
100%
bidjitouDjibouti
100%
gypteEgypt
100%
treieraEritrea
100%
wsiitneaEswatini
100%
theopiaiEthiopia
100%
bonagGabon
100%
bagamiGambia
100%
nahgaGhana
100%
yakenKenya
100%
sotheloLesotho
100%
libreiaLiberia
100%
baliyLibya
100%
limawaMalawi
100%
limaMali
100%
ccoromoMorocco
100%
renigNiger
100%
chllesyesSeychelles
100%
liamosaSomalia
100%
sutoh dunasSouth Sudan
100%
zantnaiaTanzania
100%
tgooTogo
100%
mabzaiZambia
100%
zaquemmobiMozambique
80%
bwebmizaZimbabwe
80%
undiburBurundi
75%
reginaiNigeria
75%
nigeauGuinea
67%
riaumaniatMauritania
67%
nesglaeSenegal
50%

Score Distribution

Percentile by Number Answered

Percent of People with Each Score

Your Score History

You have not taken this quiz since the last reset